000 00627nam a2200205 a 4500
005 20220524063620.0
008 991125s1992 mx 000 0 spa u
020 _a9683906621
035 _aUPN01000028746
049 _aLT
050 4 _aLB1645 M6.1
_bV3.3
100 1 _aValiente Barderas, Santiago
245 1 3 _aEl hombre y las matemáticas 1 /
_cSantiago Valiente Barderas, Santiago Rubio Ramírez
260 _aMéxico :
_bPatria,
_c1992
300 _a331 p.
650 4 _aMatemáticas
_xEstudio y enseñanza (Secundaria)
_94860
700 2 _aRubio Ramírez, Santiago,
_ecoaut.
904 _aAC
_b028747
905 _aLibro
999 _c28746
_d28746